[Event "HUN-chT2 Toth 0203"]
[Site "Hungary"]
[Date "2003.03.02"]
[Round "8"]
[White "Gomori, Mihaly"]
[Black "Samu, Gabor"]
[Result "0-1"]
[WhiteElo "2175"]
[BlackElo "2060"]
[PlyCount "70"]
[EventDate "2002.09.22"]
[EventType "team"]
[EventRounds "11"]
[EventCountry "HUN"]
[SourceTitle "EXT 2009"]
[Source "ChessBase"]
[SourceDate "2008.11.26"]
[SourceVersion "1"]
[SourceVersionDate "2008.11.26"]
[SourceQuality "1"]

1. e4 c5 2. Nf3 d6 3. Nc3 Nc6 4. d4 cxd4 5. Nxd4 Nf6 6. g3 Bd7 7. Bg2 a6 8. b3 e5 9. Nxc6 Bxc6 10. Bb2 Be7 11. 0-0 0-0 12. Nd5 Nxd5 13. exd5 Bd7 14. c4 Rc8 15. f4 exf4 16. Rxf4 Bg5 17. Rf1 b5 18. Qd3 bxc4 19. bxc4 Qa5 20. h4 Qd2 21. Qa3 Be3+ 22. Kh1 Bc5 23. Qc3 Qxc3 24. Bxc3 Rfe8 25. a3 Bg4 26. Bb4 Bxb4 27. axb4 Be2 28. Rfc1 Rxc4 29. Re1 Rcc8 30. Kg1 Kf8 31. Kf2 Bh5 32. Be4 g6 33. g4 Rc4 34. Kf3 Rxb4 35. Ra3 f5 0-1

[Event "HUN-chT2 Toth 0203"]
[Site "Hungary"]
[Date "2003.02.02"]
[Round "6"]
[White "Solymosi, Ferenc"]
[Black "Samu, Gabor"]
[Result "0-1"]
[WhiteElo "2007"]
[BlackElo "2060"]
[PlyCount "90"]
[EventDate "2002.09.22"]
[EventType "team"]
[EventRounds "11"]
[EventCountry "HUN"]
[SourceTitle "EXT 2009"]
[Source "ChessBase"]
[SourceDate "2008.11.26"]
[SourceVersion "1"]
[SourceVersionDate "2008.11.26"]
[SourceQuality "1"]

1. g3 d5 2. d4 c5 3. Nf3 cxd4 4. Bg2 Nf6 5. 0-0 Nc6 6. Nxd4 Nxd4 7. Qxd4 e6 8. c4 dxc4 9. Qxd8+ Kxd8 10. Rd1+ Nd7 11. Rd4 e5 12. Rxc4 Rb8 13. Be3 b6 14. Nd2 Bc5 15. Bxc5 Nxc5 16. b4 Ne6 17. e3 Ba6 18. Rc6 Bb5 19. Rc3 Ke7 20. a4 Bd7 21. Bc6 Rhd8 22. Nf3 f6 23. Bxd7 Rxd7 24. Rac1 Rbd8 25. Kf1 g6 26. e4 g5 27. Kg2 h5 28. h4 g4 29. Ne1 Rd4 30. Rc4 Rxc4 31. Rxc4 Rd4 32. Rxd4 Nxd4 33. Nd3 Ke6 34. Kf1 f5 35. exf5+ Kxf5 36. Ke1 e4 37. Nf4 Nc2+ 38. Kd2 Nxb4 39. Nxh5 Nd3 40. Ke3 Nc5 41. a5 bxa5 42. Nf4 a4 43. Ne2 a3 44. Nc3 a5 45. Na2 Nd3 0-1

[Event "Gyongyos Matra Cup"]
[Site "Gyongyos"]
[Date "2002.03.30"]
[Round "6"]
[White "Samu, Gabor"]
[Black "Koetel, Tamas"]
[Result "1-0"]
[WhiteElo "2060"]
[BlackElo "2106"]
[PlyCount "53"]
[EventDate "2002.03.28"]
[EventType "swiss"]
[EventRounds "7"]
[EventCountry "HUN"]
[SourceTitle "EXT 2004"]
[Source "ChessBase"]
[SourceDate "2003.11.25"]
[SourceVersion "1"]
[SourceVersionDate "2003.11.25"]
[SourceQuality "1"]

1. d4 c5 2. Nf3 cxd4 3. Nxd4 e5 4. Nb3 Nc6 5. e4 Nf6 6. Nc3 Bb4 7. Bd3 Bxc3+ 8. bxc3 0-0 9. 0-0 d5 10. exd5 Qxd5 11. Bb2 e4 12. Be2 Qxd1 13. Raxd1 Bg4 14. Bxg4 Nxg4 15. Rfe1 Rad8 16. Nd4 Na5 17. Rxe4 f5 18. Re7 Nc4 19. Rxb7 f4 20. Rf1 f3 21. Nxf3 Rd6 22. Rb4 Rc8 23. h3 a5 24. Rb5 Nxf2 25. Kxf2 Rf8 26. Kg1 Ne3 27. Ba3 1-0

[Event "Gyongyos Matra Cup"]
[Site "Gyongyos"]
[Date "2002.03.29"]
[Round "3"]
[White "Lazar, Andras"]
[Black "Samu, Gabor"]
[Result "1-0"]
[WhiteElo "2125"]
[BlackElo "2060"]
[PlyCount "119"]
[EventDate "2002.03.28"]
[EventType "swiss"]
[EventRounds "7"]
[EventCountry "HUN"]
[SourceTitle "EXT 2004"]
[Source "ChessBase"]
[SourceDate "2003.11.25"]
[SourceVersion "1"]
[SourceVersionDate "2003.11.25"]
[SourceQuality "1"]

1. e4 c5 2. Nf3 d6 3. d4 cxd4 4. Nxd4 Nf6 5. Nc3 Nc6 6. Be2 e5 7. Nb3 Be7 8. 0-0 a5 9. Be3 0-0 10. f3 h6 11. Nd5 Nxd5 12. exd5 Nb8 13. Bd3 Nd7 14. a4 Nf6 15. c4 b6 16. Qd2 Re8 17. Qf2 Nd7 18. f4 Bf6 19. fxe5 Nxe5 20. Be2 Nd7 21. Rae1 Rf8 22. Kh1 Bh4 23. g3 Bg5 24. Nd4 Bxe3 25. Qxe3 Nc5 26. Bd1 Bd7 27. b3 Qc7 28. Bc2 Rae8 29. Qf4 Nb7 30. Rxe8 Bxe8 31. Ne6 Qe7 32. Nxf8 Qxf8 33. Qf5 g6 34. Qf6 Nc5 35. Bxg6 Nd7 36. Qd8 Kg7 37. Bh5 Ne5 38. Rf6 Nd7 39. Rf4 Ne5 40. Kg2 Kg8 41. Bd1 Kg7 42. Qf6+ Kg8 43. Bc2 Bd7 44. h3 Qg7 45. Qxd6 Be8 46. Qe7 Bd7 47. Qd8+ Qf8 48. Qxb6 Bc8 49. Qf6 Qg7 50. c5 Qxf6 51. Rxf6 Nd7 52. Rxh6 f6 53. c6 Nb6 54. d6 f5 55. d7 Nxd7 56. cxd7 Bxd7 57. Rd6 Be8 58. Rd8 Kf7 59. Rxe8 Kxe8 60. Bxf5 1-0